000 00373 a2200133 4500
040 _aDLC
_bDLC
082 _a891.4391
100 _aIqbal, M. Allama.
245 _aBaang e Dara
_cAllama Muhammad Iqbal
260 _aLahore :
_bEzhar Sons.
300 _a258 p. ;
_c24 cm.
650 _aIqbal, Muhammad, Sir, 1877-1938 -- Poetry -- Bang-e-Dara.
942 _cBK
_k891.4391 IQB
_2ddc
999 _c5148
_d5148